La segunda venida de Cristo (Record no. 181882)

MARC details
000 -LEADER
campo de control de longitud fija 00874nam a2200241 i 4500
001 - NÚMERO DE CONTROL
campo de control 181882
003 - IDENTIFICADOR DE NÚMERO DE CONTROL
campo de control ES-MaACL
005 - FECHA Y HORA DE LA ÚLTIMA TRANSACCIÓN
campo de control 20231021153937.0
008 - DATOS DE LONGITUD FIJA--INFORMACIÓN GENERAL
campo de control de longitud fija 130503s2011 xxu |||| | spa d
020 ## - NÚMERO INTERNACIONAL ESTÁNDAR DEL LIBRO
Número Internacional Estándar del Libro 0-87612-135-0
080 ## - NÚMERO DE LA CLASIFICACIÓN DECIMAL UNIVERSAL
Número de la Clasificación Decimal Universal 232.33
100 1# - ENTRADA PRINCIPAL--NOMBRE DE PERSONA
Nombre de persona Yogananda, Paramahansa.
9 (RLIN) 117656
245 13 - MENCIÓN DEL TÍTULO
Título La segunda venida de Cristo
Resto del título : la resurrección del Cristo que mora en tu interior.
Número de parte o sección de la obra I /
Mención de responsabilidad, etc. Paramahansa Yogananda.
250 ## - MENCION DE EDICION
Mención de edición 1ª ed. en español.
260 ## - PUBLICACIÓN, DISTRIBUCIÓN, ETC.
Lugar de publicación, distribución, etc. Los Ángeles, California :
Nombre del editor, distribuidor, etc. Self-Realization Fellowship,
Fecha de publicación, distribución, etc. 2011.
300 ## - DESCRIPCIÓN FÍSICA
Extensión XXXIII, 687 p. :
Otras características físicas il. ;
Dimensiones 23 cm.
500 ## - NOTA GENERAL
Nota general Índice.
600 04 - PUNTO DE ACCESO ADICIONAL DE MATERIA--NOMBRE DE PERSONA
Nombre de persona Jesucristo-
Subdivisión general Enseñanzas.
9 (RLIN) 147809
852 ## - LOCALIZACIÓN
Ubicación ES-MaACL
Número de control de estantería A-12704
itemnumber 188790
Sublocalización o colección R.148987
Ubicación en estantería Depósito 1
Signatura antigua Olim: N-5704
Encuadernación Donación: Luis Navas Sánchez
903 ## - NOMBRE PERSONAL DE DONANTE
9 234372
a Navas Sánchez, Luis
e Donante
942 ## - ELEMENTOS DE ENTRADA SECUNDARIOS (KOHA)
Fuente del sistema de clasificación o colocación Clasificación decimal universal
Tipo de ítem Koha Libro impreso
Holdings
Estatus retirado Estado de pérdida Fuente del sistema de clasificación o colocación Estado de daño No para préstamo Biblioteca de origen Biblioteca actual Ubicación en estantería Fecha de adquisición Fuente de adquisición Total de préstamos Signatura topográfica completa Código de barras Visto por última vez Precio de reemplazo Tipo de ítem Koha
    Clasificación decimal universal     Biblioteca del Ateneo de Madrid Biblioteca del Ateneo de Madrid Depósito 1 03/05/2013 Donación   A-12704 1191140 23/02/2023 23/02/2023 Libro impreso